00923pam a2200289 a 4500999001500000001000500015003000900020005001700029008004100046020001500087040003300102082001600135100001900151245009200170250001200262260003900274300004500313500002000358650002200378650001900400650001300419650001600432700002300448700001800471942001200489952013200501 c4979d49794961BD-DhUAP20201125160047.0201125s1996 moua 001 0 eng c a0801679737 aDNLM/DLCcDLCdBD-DhUAPbeng00a612 SEE2231 aSeeley, Rod R.10aEssentials of anatomy & physiology /cRod R. Seeley, Trent D. Stephens and Philip Tate. a2nd ed. aBoston :bWCB/McGraw-Hill,cc1996. avarious pages :billustrations ;c28 cm. aIncludes index. 0aHuman physiology. 0aHuman anatomy.12aAnatomy.22aPhysiology.1 aStephens, Trent D.1 aTate, Philip. 2ddccBK 00102ddc4070aUAPCLbUAPCLcGeneral Stacksd2020-11-25l3m1o612 SEEp3010004961r2023-11-18s2023-10-30t1w2020-11-25yBK